000 01344nam a2200337 i 4500
003 EG-GICUC
005 20260314160252.0
008 251116b1972 ua ||||f |||| 00| 0 ara d
040 _a EG-GICUC
_c EG-GICUC
_d EG-GICUC
_erda
_bara
041 _aara
082 0 4 _221
_a352.14
_bإ ب . ت
092 0 4 _221
099 _aLaw1 07 352.14 إ ب . ت 1972
100 0 _aإبراهيم عباس عطية
_eمؤلف.
245 _aالتدريب للإدارة المحلية /
_cإعداد إبراهيم عباس عطية.
264 _aالقاهرة :
_bجامعة الدول العربية-المنظمة العربية للعلوم الإدارية، مركز البحوث الإدارية،
_c1972.
300 _a85 صفحة ؛
_c24 سم.
336 _2rda content
_atext
337 _2rda media
_aComputer
338 _2rda carrier
_aOnline Resource
490 _v117
500 _aيشتمل على قائمة تصويب للأخطاء
504 _aيشتمل على إرجاعات ببليوجرافية
504 _aببليوجرافيا : صفحات 81-82
546 _aالنص باللغة العربية
650 1 _2qrmak
_aالإدارة المحلية
650 1 _2qrmak
_aالتدريب
856 4 0 _uhttps://fll.law.cu.edu.eg/fulltext/bks/B07-00084.pdf
905 _aWesam Mahmoud
942 _2ddc
_n0
_cBK
_e21
999 _c43381
_d43381